| 000 | 00734nam a2200241 i 4500 | ||
|---|---|---|---|
| 001 | 124629 | ||
| 003 | ES-MaACL | ||
| 007 | t| | ||
| 008 | 070413s1958 sp ||||1| spa d | ||
| 080 | _a787.1(07) | ||
| 100 | 1 |
_aManén, Joan. _975971 |
|
| 245 | 1 | 3 |
_aEl violín / _cJuan Manén ; prólogo de Arturo Menéndez Aleyxandre. |
| 260 |
_aBarcelona : _bLabor, _c[1958] |
||
| 300 |
_a137 p., XII p. de lám. ; _c17 cm. |
||
| 490 | 1 |
_aColección Labor ; _v497 |
|
| 500 | _aGrab. y mús. intercal. | ||
| 500 | _aLám. retr. del autor. | ||
| 650 | 1 | 4 |
_aViolín- _vMétodos. _917821 |
| 700 | 1 |
_aMenéndez Aleyxandre, Arturo. _980297 |
|
| 830 | 0 | 0 |
_aColección Labor _v497 _9184254 |
| 852 |
_aES-MaACL _jE-2915 |
||
| 999 |
_c124629 _d124629 |
||